000 00891cad a22002415a 4500
001 L158490
008 121219e2014 xxk 000 0 eng d
035 _a(Sirsi) u158490
041 0 _aeng
100 1 _aMillett, Dave
245 0 0 _aWake-up call
_h[electronic resource]
260 _c2014
490 _aRICS Property Journal
_vDecember 2014-January 2015, 46-47(2)
520 _aIs your telecoms solution holding your estate agency back? Looks at ways to improve your business and avoid traps for the unwary buyer.
650 2 4 _aBUSINESS PLANNING
650 2 4 _aCLIENT CARE
650 2 4 _aCOMMUNICATION
651 4 _aUnited Kingdom
_y
690 _aProperty management
_96262
710 _aRoyal Institution of Chartered Surveyors
_94900
856 4 0 _uhttps://www.rics.org/uk/news/journals/property-journal
_zView the journal free of charge at www.rics.org/journals...
942 _n0
999 _c84610
_d84610